000 00414nam a2200121Ia 4500
008 220620s9999||||xx |||||||||||||| ||und||
100 _aYann H. Chemin
245 0 _aLunar Science
546 _aEnglish[eng]
650 _aPhysical Sciences||Engineering and Technology||Solar System||Earth and Planetary Sciences||Astronomy and Astrophysics
856 _uhttps://www.intechopen.com/books/lunar-science
942 _cEB
999 _c25700
_d25700